Paternalismos huérfanos : comunicación, democracia, globalización /

Obra que analiza las contribuciones de distintos campos académicos a la reflexión del impacto e influencia de las tecnologías mediáticas de la comunicación en la vida cotidiana.

Na minha lista:
Detalhes bibliográficos
Autor principal: Santagada, Miguel Angel (autor)
Formato: Livro
Idioma:espanhol
Publicado em: Buenos Aires, Argentina : EUDEBA, 2004, c2004
Colecção:(Comunicación y Sociedad)
Assuntos:
Tags: Adicionar Tag
Sem tags, seja o primeiro a adicionar uma tag!

MARC

LEADER 00000nam^a2200000^a^4500
001 000181699
005 20250521000000.0
009 20260310101942.615
020 |a 950-23-1333-X 
037 |a Acervo ITESO - Biblioteca 
041 |a ESP 
082 |a 302. 23011  |b SAN 
100 |a Santagada, Miguel Angel  |e (autor) 
245 1 0 |a Paternalismos huérfanos :  |b comunicación, democracia, globalización /  |c M.A. Santagada. 
264 4 |a Buenos Aires, Argentina :  |b EUDEBA,  |c 2004, c2004 
300 |a 234 p. 
336 |a texto  |b txt  |2 rdacontenido 
337 |a sin mediación  |b n  |2 rdamedio 
338 |a volumen  |b nc  |2 rdasoporte 
440 1 |a (Comunicación y Sociedad) 
520 |a Obra que analiza las contribuciones de distintos campos académicos a la reflexión del impacto e influencia de las tecnologías mediáticas de la comunicación en la vida cotidiana. 
649 |a XX 
650 |a Recepción y Apropiación de la Comunicación 
650 |a Mediación de la Comunicación 
650 |a Credibilidad (Medios de Comunicación) 
650 |a Medios de Comunicación 
650 |a Medios de Comunicación y Problemas Sociales 
650 |a Comunicación Masiva 
650 |a Comunicación y Política 
650 |a Cultura de Masas 
650 |a Cultura Informática 
650 |a Sociología de la Comunicación 
650 |a Tecnologías de Comunicación e Información -  |x Aspectos Sociales y Culturales 
650 |a Globalización 
650 |a Comunicación 
910 |a Fondo General 
920 |a Impresos - Libros 
930 |a Colección General 
905 |a 101 
901 |a 0500121647  |b IT1  |c ACC  |u 20250521 
902 |a https://opac.biblio.iteso.mx/vufind/Record/000181699